Motivačné cestovanie ako špecifická foma nefinančného odmeňovania zamestnancov diplomová práca

Salvato in:
Dettagli Bibliografici
Autore principale: Šavoltová, Jana
Ente Autore: Obchodná fakulta EU. Katedra služieb a cestovného ruchu - zrušené
Altri autori: Pavlík, Adrián
Natura: Libro
Lingua:slovacco
Pubblicazione: Bratislava 2009
Tags: Aggiungi Tag
Nessun Tag, puoi essere il primo ad aggiungerne!!

MARC

LEADER 00000nam$a2200000$$$4500
001 0099465
005 20240318140219.7
041 0 |a slo 
044 |a SK 
245 1 0 |a Motivačné cestovanie ako špecifická foma nefinančného odmeňovania zamestnancov  |b diplomová práca  |c Jana Šavoltová ; škol. Adrián Pavlík 
264 1 |a Bratislava  |c 2009 
300 |a 86 s. 
100 1 |a Šavoltová, Jana 
700 1 |a Pavlík, Adrián 
710 2 |a Obchodná fakulta EU. Katedra služieb a cestovného ruchu - zrušené